000 00987nam a22002537a 4500
005 20120827121249.0
008 120827t xxu||||| |||| 00| 0 eng d
010 _aENG-105648
020 _a9788120346116
_c350.00
035 _aEN-89181
037 _bDBAD/PUB
040 _aDPL
_bEng
082 _a670.427
100 1 _951509
245 1 0 _aLean and agile manufacturing :
_cby S.R. Devadasan...[et al]
_btheoretical , practical and research futurities /
260 _aNew Delhi
_bPHI Learning
_cc2012
270 _aM-97, Connaught Circus
_bNew Delhi
_e110001
300 _axvi,275p. :
_c24cm(pbk)
_bill.
500 _aIncludes bibliographical references and index.
700 _aDevadasan , S.R.
_951531
942 _2ddc
_cEN
_h670.427
_mLEA
999 _c69350
_d69350